Textbook of organic medicinal and pharmaceutical chemistry / (Record no. 114217)

MARC details
000 -LEADER
fixed length control field 00949cam a22002891 4500
008 - FIXED-LENGTH DATA ELEMENTS--GENERAL INFORMATION
fixed length control field
049 ## - LOCAL HOLDINGS (OCLC)
Holding library MAIN
090 0# - LOCALLY ASSIGNED LC-TYPE CALL NUMBER (OCLC); LOCAL CALL NUMBER (RLIN)
Classification number (OCLC) (R) ; Classification number, CALL (RLIN) (NR) RS403 TEX
003 - CONTROL NUMBER IDENTIFIER
control field
005 - DATE AND TIME OF LATEST TRANSACTION
control field 20230120203934.0
040 ## - CATALOGING SOURCE
Transcribing agency NUST
245 00 - TITLE STATEMENT
Title Textbook of organic medicinal and pharmaceutical chemistry /
Statement of responsibility, etc. T.C. Daniels...[et al]; edited by Charles O. Wilson and Ole Gisvold.
250 ## - EDITION STATEMENT
Edition statement 2nd ed.
260 ## - PUBLICATION, DISTRIBUTION, ETC.
Place of publication, distribution, etc. Philadelphia,
Name of publisher, distributor, etc. Lippincott
Date of publication, distribution, etc. 1954.
300 ## - PHYSICAL DESCRIPTION
Extent xvi, 807 p.
Other physical details ill. ;
Dimensions 26 cm.
500 ## - GENERAL NOTE
General note Includes index.
504 ## - BIBLIOGRAPHY, ETC. NOTE
Bibliography, etc. note Includes bibliographical references.
500 ## - GENERAL NOTE
General note First ed. published in 1949 under title: Organic chemistry in pharmacy.
650 #0 - SUBJECT ADDED ENTRY--TOPICAL TERM
Topical term or geographic name entry element Pharmaceutical chemistry.
650 #0 - SUBJECT ADDED ENTRY--TOPICAL TERM
Topical term or geographic name entry element Chemistry
General subdivision Organic.
700 ## - ADDED ENTRY--PERSONAL NAME
Personal name Daniels, T. C.
700 ## - ADDED ENTRY--PERSONAL NAME
Personal name Doerge, Robert F.
700 1# - ADDED ENTRY--PERSONAL NAME
Personal name Gisvold, Ole
700 ## - ADDED ENTRY--PERSONAL NAME
Personal name Wilson, Charles O.
907 ## - LOCAL DATA ELEMENT G, LDG (RLIN)
a .b10220070
b 17-07-12
c 17-11-06
942 ## - ADDED ENTRY ELEMENTS (KOHA)
Koha item type Ordinary Loan Books
Call number prefix RS403 TEX
Holdings
Date last seen Total Checkouts Full call number Barcode Cost, replacement price Price effective from Koha item type Lost status Source of classification or shelving scheme Damaged status Not for loan Collection Withdrawn status Home library Current library Shelving location Date acquired Cost, normal purchase price
01/20/2023 1 RS403 TEX 92004004435 80.00 01/20/2023 BOOKS   LCC     NFIC   Medical Medical GEN 01/20/2023 80.00